Star Wars: Inquisitors by Picture - Statistics

General Stats
  • This quiz has been taken 65 times
    64 since last reset
  • The average score is 9 of 15
Answer Stats
Picture Answer % Correct
The Grand Inquisitor
91%
Fifth Brother
86%
Third Sister | Reva Sevander
84%
Ninth Sister | Masana Tide
82%
Second Sister | Trilla Suduri
77%
Seventh Sister
75%
First Brother | Marrok
68%
Eighth Brother
66%
Fourth Sister | Lyn Rakish
66%
Sixth Brother | Bil Valen
50%
Barriss Offee
43%
Tenth Brother | Prosset Dibs
39%
Eleventh Brother
36%
Thirteenth Sister | Iskat Akaris
25%
Tualon Yaluna
18%
No matching quizzes found
Score Distribution
Percent of People with Each Score
Percentile by Number Answered
Your Score History
You have not taken this quiz since the last reset